LEADER 00817nam0 2200277 450 001 000028505 005 20111122170814.0 010 $a978-0-273-75907-2 100 $a20111122d2012----km-y0itay50------ba 101 0 $aeng 102 $aUS 105 $ay-------001yy 200 1 $aOptions, futures & other derivatives$fJohn C. Hull 205 $a8. ed. 210 $aBoston$cPearson$dc2012 215 $aXXI, 847 p.$d25 cm 451 0$1001000004199 500 10$aOptions, futures & other derivatives$916390 610 1 $aMercati a termine$aOpzioni 676 $a332.644$v22 700 1$aHull,$bJohn C.$089443 801 0$aIT$bUNIPARTHENOPE$c20111122$gRICA$2UNIMARC 912 $a000028505 951 $a332-O/12$b43333$cNAVA1$d2011 996 $aOptions, futures and other derivatives$916390 997 $aUNIPARTHENOPE